LEADER 02713nam0 2200277 4500 001 000036815 005 20241112141416.0 010 $a978-88-386-9736-4 100 $a20241112d2020----km-y0itay50------ba 101 0 $aita 102 $aIT 105 $aa-------001yy 200 1 $aGestione delle imprese internazionali$fMatteo Caroli 205 $a4. ed 210 $aMilano$cMcGraw-Hill$d2020 215 $aXI, 262 p.$d24 cm. 327 0 $aIl testo è articolato in tre parti distinte, anche se chiaramente conseguenti: la prima tratta gli scenari della competizione internazionale; la seconda le strategie e l'organizzazione dell'impresa nel contesto internazionale; la terza approfondisce le principali problematiche manageriali specificatamente connesse alla competizione nei mercati esterni. Il libro approfondisce i fenomeni del management internazionale divenuti in questi anni di maggior rilievo, in particolare: il ripensamento dei modelli di business in chiave internazionale; l'affermarsi di modelli organizzativi "a rete", di dimensione internazionale e con il coinvolgimento anche di soggetti esterni al Gruppo; il conseguente problema della gestione delle relazioni tra i nodi di tale rete; l'evoluzione dei ruoli e della modalità di interazione tra corporate e controllate estere; la gestione "sostenibile" a livello internazionale; la gestione del capitale umano all'interno di Gruppi diffusi in contesti economici (ma anche sociali e culturali) differenti; la gestione delle tante "diversità" che devono coesistere in un'organizzazione internazionale; il difficile equilibrio tra standardizzazione e adattamento locale delle politiche di offerta e delle altre politiche di marketing; lo sviluppo della global supply chain; la definizione e implementazione della strategia di "sostenibilità" ambientale e sociale a livello internazionale; la valutazione dei progetti di investimento in aree geografiche estere e la presenza sui mercati finanziari internazionali per ottimizzare la raccolta delle risorse finanziarie. Nel testo sono presentati casi ed esperienze aziendali, finalizzati a fornire al lettore un riscontro concreto alle riflessioni concettuali e alla descrizione degli strumenti gestionali. 500 10$aGestione delle imprese internazionali$967857 610 1 $aImprese multinazionali$aSocietà internazionali 676 $a658.1599$v23$9Gestione finanziaria d'imprese di specifica dimensione, portata, forma. Imprese internazionali 700 1$aCaroli,$bMatteo G.$4070$0437332 801 0$aIT$bUNIPARTHENOPE$c20241105$gRICA$2UNIMARC 912 $a000036815 951 $a658-G/47$b49836$cNAVA1$d2024 996 $aGestione delle imprese internazionali$967857 997 $aUNIPARTHENOPE